Niezapomniane Jedenastki #39: Bayer Leverkusen 2023/24 - Statystyki

Ogólne statystyki
  • Ten quiz został rozwiązany 85 razy
  • Średni wynik to 8 z 11
Statystyki odpowiedzi
Pozycja Kraj Zawodnik % Poprawnych
ŚPO Niemcy Florian Wirtz
94%
BR Finlandia Lukas Hradecky
94%
ŚP Szwajcaria Granit Xhaka
93%
PO Holandia Jeremie Frimpong
89%
LO Hiszpania Alejandro Grimaldo
87%
ŚO Burkina Faso Edmond Tapsoba
85%
ŚO Niemcy Jonathan Tah
85%
N Nigeria Victor Boniface
75%
ŚP Argentyna Exequiel Palacios
69%
ŚPO Niemcy Jonas Hofmann
30%
ŚO WKS Odilon Kossounou
21%
Nie znaleziono quizów pasujących do podanych kryteriów
Rozkład punktacji
Procent ludzi z każdym wynikiem
Percentyl według liczby udzielonych odpowiedzi
Twoja historia wyników
Nie rozwiązałeś tego quizu